Formerly Communist Countries - Sudden Death - Statistics

General Stats
  • This quiz has been taken 476 times
  • The average score is 8 of 30
Answers on the Grid
Answers color-coded by a green-red scale on the quiz's grid according to % correct below.
Afghanistan
Albania
Angola
Armenia
Azerbaijan
Bulgaria
Cambodia
China
Croatia
Cuba
Czech Republic
Estonia
Ethiopia
Georgia
Greece
Guatemala
Haiti
Hungary
Indonesia
Iran
Kazakhstan
Laos
Latvia
Lithuania
Malaysia
Moldova
Mongolia
Mozambique
Myanmar
North Macedonia
Pakistan
Poland
Romania
Russia
Serbia
Slovakia
Slovenia
Somalia
Spain
Sri Lanka
Sudan
Syria
Taiwan
Tajikistan
Turkey
Ukraine
Uzbekistan
Venezuela
Vietnam
Zimbabwe
 
Answer Stats
Answer % Correct
Albania
69%
Afghanistan
62%
Bulgaria
61%
Azerbaijan
52%
Armenia
51%
Cambodia
50%
Angola
49%
Czech Republic
30%
Estonia
26%
Slovakia
26%
Kazakhstan
25%
Moldova
24%
Ukraine
23%
Poland
20%
Croatia
19%
Latvia
19%
Georgia
18%
Lithuania
18%
Russia
18%
Slovenia
18%
Uzbekistan
18%
Romania
16%
Hungary
15%
Mongolia
15%
Tajikistan
15%
Serbia
14%
North Macedonia
12%
Ethiopia
10%
Mozambique
8%
Somalia
6%
No matching quizzes found
Score Distribution
Percent of People with Each Score
Percentile by Number Answered
Your Score History
You have not taken this quiz